000 01073cam a2200217 4500
001 X122745
008 030625n2003 000 0 eng u
035 _a(Sirsi) u122745
100 _aMacdonald, S.
245 _aElectricity shortage could halt Thames gateway
260 _c2003
490 _aHousing Today
_v(334) 23 May 2003, 7(1)
520 _aSuggests that electricity supply problems might hinder the construction of the 200 000 new communities plan homes earmarked for the Thames Gateway. Developers are struggling to strike affordable deals with electricity suppliers demand. A comprehensive review of utility demands in this area is needed and investment by the suppliers. A government response to this issue will be released in the early summer after discussion by the Thames Gateway cabinet committee led by the Prime Minister.
590 _aABS
650 _aSUSTAINABLE COMMUNITIES: BUILDING FOR THE FUTURE
650 _aTHAMES GATEWAY
650 _aELECTRICITY SUPPLY
650 _aUtilities
_96272
690 _aHOUSING-DEVELOPMENT
942 _n0
999 _c72925
_d72925